000 00429nam a2200181Ia 4500
001 16306
005 20260306170259.0
008 260306t1993||||xx |||||||||||||| ||und||
041 _aESP
082 _a347.7L
_bT77 T. 2
100 _aTovar Velarde, Jorge
_eAUT
245 0 _aLegislación bancaria comentada texto impreso
260 _c1993
300 _a
_c
650 _aGEN
654 _aCAN
942 _cLIB
_dJUS
_fJUS
_2ddc
_n
999 _c16306
_d16306